[Event "DEM U18w 2008"]
[Site "Willingen GER"]
[Date "2008.05.13"]
[Round "4"]
[White "Jehle, Anja"]
[Black "van Orsouw, Svenja"]
[Result "1/2-1/2"]
[Termination "normal"]
[Board "6"]
[WhiteElo "1968"]
[BlackElo "1645"]
[PlyCount "98"]
[WhiteFideId "24631434"]
[BlackFideId "24677124"]
[EventCountry "GER"]
[EventRounds "9"]
[EventType "swiss"]
[EventDate "2008.05.10"]

1. d4 Nf6 2. c4 c5 3. d5 b5 4. Nd2 e6 5. e4 bxc4 6. Bxc4 exd5 7. Bxd5 Nxd5 8.
exd5 d6 9. Nc4 Be7 10. Bf4 O-O 11. Ne2 Re8 12. O-O Ba6 13. Rc1 Nd7 14. b3 Nb6
15. Ng3 Nxc4 16. bxc4 Rb8 17. a3 Qd7 18. Re1 Rb2 19. Qd3 Reb8 20. Qf5 Qd8 21.
Qe4 Bf8 22. Nf5 R2b3 23. Re3 Rxe3 24. Qxe3 Qf6 25. g4 Bc8 26. Qe8 Bxf5 27. Qxb8
Bxg4 28. Bg3 Bh3 29. Qb3 h5 30. Kh1 h4 31. Bxd6 Bg2+ 32. Kxg2 Qg5+ 33. Bg3 Qxc1
34. Bxh4 Qf4 35. Bg3 Qe4+ 36. Kf1 Qh1+ 37. Ke2 Qe4+ 38. Kd2 g6 39. Qe3 Qxc4 40.
d6 Qa2+ 41. Kd1 Qb1+ 42. Qc1 Qd3+ 43. Qd2 Qb1+ 44. Ke2 Qe4+ 45. Qe3 Qc2+ 46.
Kf3 Bxd6 47. Qe8+ Bf8 48. Kg2 Qf5 49. Qa8 Qd7 1/2-1/2

[Event "DEM U18w 2008"]
[Site "Willingen GER"]
[Date "2008.05.13"]
[Round "4"]
[White "Breitwieser, Jasmin"]
[Black "Strößner, Lena"]
[Result "1-0"]
[Termination "normal"]
[Board "7"]
[WhiteElo "1506"]
[BlackElo "1895"]
[PlyCount "89"]
[WhiteFideId "24601705"]
[BlackFideId "4623525"]
[EventCountry "GER"]
[EventRounds "9"]
[EventType "swiss"]
[EventDate "2008.05.10"]

1. e4 e6 2. Nc3 d5 3. Nf3 Nf6 4. e5 Nfd7 5. d4 a6 6. Bd3 c5 7. dxc5 Nxc5 8. Bf4
Be7 9. O-O Nc6 10. Re1 Bd7 11. Bf1 O-O 12. Ne2 Qb6 13. Rb1 Ne4 14. Be3 Qc7 15.
Ng3 Nxg3 16. hxg3 Rad8 17. Bf4 Na5 18. Bd3 Nc4 19. b3 Na3 20. Rc1 Bb5 21. Kh2
Bxd3 22. Qxd3 h6 23. Rh1 Rfe8 24. Kg1 Bf8 25. Ng5 g6 26. Nf3 h5 27. g4 hxg4 28.
Nh2 Bg7 29. Nxg4 Nb5 30. Qh3 Qc3 31. Qh7+ Kf8 32. Nh6 Bxh6 33. Bxh6+ Ke7 34.
Bg5+ Kd7 35. Qxf7+ Kc8 36. Rh7 Qc6 37. Bxd8 Rxd8 38. Qxg6 Nc3 39. Qg4 Nxa2 40.
Ra1 Nc3 41. Re7 Re8 42. Rxe8+ Qxe8 43. Ra5 Qc6 44. Qb4 b5 45. Qd6 1-0

[Event "DEM U18w 2008"]
[Site "Willingen GER"]
[Date "2008.05.13"]
[Round "4"]
[White "Farokhpey, Sarah"]
[Black "Voss, Janine"]
[Result "1-0"]
[Termination "normal"]
[Board "8"]
[WhiteElo "1483"]
[BlackElo "1869"]
[PlyCount "83"]
[BlackFideId "24677329"]
[EventCountry "GER"]
[EventRounds "9"]
[EventType "swiss"]
[EventDate "2008.05.10"]

1. d4 Nf6 2. c4 g6 3. Nc3 d5 4. Bf4 Bg7 5. cxd5 Nxd5 6. Nxd5 Qxd5 7. Bxc7 Qxd4
8. Qxd4 Bxd4 9. O-O-O Na6 10. Rxd4 Nxc7 11. e3 O-O 12. Nf3 b5 13. Bd3 Be6 14.
Kb1 h6 15. Ne5 Rfd8 16. Nc6 Rxd4 17. Nxd4 Bd7 18. Rc1 Nd5 19. Bxb5 Bxb5 20.
Nxb5 Kg7 21. Nc7 Rd8 22. Nxd5 Rxd5 23. Kc2 Kf6 24. b4 Rf5 25. f3 Rg5 26. g3 Rh5
27. h4 Rf5 28. f4 g5 29. hxg5+ hxg5 30. Kd3 gxf4 31. gxf4 Rd5+ 32. Ke4 Rb5 33.
Rc6+ e6 34. a3 a5 35. Rc4 Ke7 36. Rc5 Rxc5 37. bxc5 f6 38. Kd4 Kd7 39. e4 Kc6
40. Kc4 f5 41. exf5 exf5 42. a4 1-0

[Event "DEM U18w 2008"]
[Site "Willingen GER"]
[Date "2008.05.13"]
[Round "4"]
[White "Zemella, Jennifer"]
[Black "Herbold, Nora Marina"]
[Result "1/2-1/2"]
[Termination "normal"]
[Board "10"]
[WhiteElo "2000"]
[BlackElo "1674"]
[PlyCount "73"]
[WhiteFideId "24636096"]
[BlackFideId "4624548"]
[EventCountry "GER"]
[EventRounds "9"]
[EventType "swiss"]
[EventDate "2008.05.10"]

1. e4 c5 2. c3 d5 3. exd5 Qxd5 4. d4 cxd4 5. cxd4 e6 6. Nc3 Bb4 7. Nf3 Nf6 8.
a3 Bxc3+ 9. bxc3 O-O 10. c4 Qd6 11. Bd3 Nc6 12. O-O h6 13. Bb2 b6 14. Qe2 Bb7
15. Rad1 Nh5 16. Qe3 Rfd8 17. Ne5 Qe7 18. f4 Qh4 19. Nxc6 Bxc6 20. Be4 Bxe4 21.
Qxe4 Nf6 22. Qf3 Rac8 23. Rc1 Rc7 24. Qd3 Rdc8 25. a4 Ng4 26. h3 Nf6 27. d5 Rd7
28. Qf3 exd5 29. Bxf6 Qxf6 30. cxd5 Rxc1 31. Rxc1 Qd4+ 32. Kh2 Rxd5 33. Rc8+
Rd8 34. Rxd8+ Qxd8 35. Qb7 Qf6 36. Qxa7 Qxf4+ 37. Kg1 1/2-1/2

[Event "DEM U18w 2008"]
[Site "Willingen GER"]
[Date "2008.05.13"]
[Round "4"]
[White "Weiß, Katharina"]
[Black "Günnigmann, Laura"]
[Result "0-1"]
[Termination "normal"]
[Board "11"]
[WhiteElo "1653"]
[BlackElo "1833"]
[PlyCount "70"]
[WhiteFideId "24692859"]
[EventCountry "GER"]
[EventRounds "9"]
[EventType "swiss"]
[EventDate "2008.05.10"]

1. e4 c5 2. Nf3 Nc6 3. d4 cxd4 4. Nxd4 e5 5. Nb5 d6 6. N1c3 a6 7. Na3 b5 8. Nd5
Nce7 9. Bg5 Rb8 10. c3 f6 11. Bh4 Nxd5 12. exd5 Be7 13. c4 b4 14. Nc2 f5 15.
Bxe7 Qxe7 16. b3 Nf6 17. Bd3 O-O 18. O-O f4 19. Re1 Ng4 20. h3 Nh6 21. Be4 Qg5
22. Qd3 Nf5 23. Kh2 Qh4 24. Qf1 Ng3 25. Qg1 Nxe4 26. Rxe4 Bf5 27. Rae1 Bxe4 28.
Rxe4 Qh5 29. f3 Rf5 30. Qa7 Rbf8 31. Nxb4 Qh4 32. Nxa6 Qg3+ 33. Kh1 Rh5 34. Qg1
Rf6 35. Re2 Rfh6 0-1

[Event "DEM U18w 2008"]
[Site "Willingen GER"]
[Date "2008.05.13"]
[Round "4"]
[White "Billing, Tanja"]
[Black "Nekrassova, Ekatherina"]
[Result "1/2-1/2"]
[Termination "normal"]
[Board "12"]
[WhiteElo "1816"]
[BlackElo "1784"]
[PlyCount "43"]
[WhiteFideId "24647993"]
[BlackFideId "24636266"]
[EventCountry "GER"]
[EventRounds "9"]
[EventType "swiss"]
[EventDate "2008.05.10"]

1. c4 e5 2. Nc3 Nf6 3. e3 c6 4. d4 exd4 5. exd4 h6 6. Nf3 d5 7. h3 Be6 8. Qb3
Qc7 9. cxd5 Nxd5 10. Bc4 Bb4 11. O-O Bxc3 12. bxc3 O-O 13. Ba3 Re8 14. Rfe1 Nd7
15. Bxd5 Bxd5 16. c4 Bxf3 17. Qxf3 Nb6 18. Qc3 Rad8 19. Rad1 Qd7 20. Qd3 Rxe1+
21. Rxe1 Re8 22. Rxe8+ 1/2-1/2

[Event "DEM U18w 2008"]
[Site "Willingen GER"]
[Date "2008.05.13"]
[Round "4"]
[White "Stein, Simone"]
[Black "Benzen, Marthe"]
[Result "0-1"]
[Termination "normal"]
[Board "13"]
[WhiteElo "1416"]
[BlackElo "1829"]
[PlyCount "76"]
[WhiteFideId "24692875"]
[BlackFideId "24647764"]
[EventCountry "GER"]
[EventRounds "9"]
[EventType "swiss"]
[EventDate "2008.05.10"]

1. e4 e5 2. Nf3 Nc6 3. Bc4 Bc5 4. Nc3 d6 5. d3 Bg4 6. h3 Be6 7. Bb3 Qd7 8. Be3
O-O-O 9. Bxe6 Qxe6 10. O-O Bxe3 11. fxe3 Nf6 12. Ng5 Qe7 13. Nd5 Nxd5 14. Qg4+
Rd7 15. exd5 Nd8 16. Ne4 f6 17. Nc3 c5 18. Qc4 Kb8 19. Rab1 h5 20. b4 cxb4 21.
Rxb4 g5 22. g3 Nf7 23. Ne4 Rh6 24. Qc3 Rc7 25. Rc4 Rxc4 26. Qxc4 b6 27. Qb4 Kb7
28. a4 Qd8 29. a5 Rg6 30. axb6 Qxb6 31. Qxb6+ Kxb6 32. Rxf6 Rxf6 33. Nxf6 h4
34. Kf2 hxg3+ 35. Kxg3 Kc5 36. c4 Kb4 37. Ne4 a5 38. Nd2 Kc3 0-1

[Event "DEM U18w 2008"]
[Site "Willingen GER"]
[Date "2008.05.13"]
[Round "4"]
[White "Pahlau, Janine"]
[Black "Franzenburg, Maria"]
[Result "0-1"]
[Termination "normal"]
[Board "14"]
[WhiteElo "1187"]
[BlackElo "1826"]
[PlyCount "80"]
[BlackFideId "24667102"]
[EventCountry "GER"]
[EventRounds "9"]
[EventType "swiss"]
[EventDate "2008.05.10"]

1. e4 c5 2. Nf3 e6 3. Bb5 a6 4. Be2 Nc6 5. Nc3 g6 6. d3 Bg7 7. O-O Nge7 8. Bf4
d5 9. e5 O-O 10. Qd2 Qc7 11. d4 cxd4 12. Nxd4 Nxd4 13. Qxd4 Nf5 14. Qd2 Bxe5
15. Bxe5 Qxe5 16. a4 Bd7 17. a5 Rac8 18. Rfb1 Rc7 19. Na4 Qd4 20. Qxd4 Nxd4 21.
Bd3 Bxa4 22. Rxa4 Nxc2 23. Bxc2 Rxc2 24. g3 Rfc8 25. Rb4 Rc1+ 26. Rxc1 Rxc1+
27. Kg2 Ra1 28. Rxb7 Rxa5 29. b4 Rb5 30. Rxb5 axb5 31. Kf3 e5 32. Ke3 d4+ 33.
Kd3 Kf8 34. f4 f6 35. h4 h5 36. Ke4 Ke7 37. Kd3 Kd6 38. Ke4 Ke6 39. Kd3 Kd5 40.
Ke2 Ke4 0-1

[Event "DEM U18w 2008"]
[Site "Willingen GER"]
[Date "2008.05.13"]
[Round "5"]
[White "Hingst, Silke"]
[Black "Hannes, Diana"]
[Result "0-1"]
[Termination "normal"]
[Board "1"]
[WhiteElo "1752"]
[BlackElo "1976"]
[PlyCount "136"]
[WhiteFideId "4624564"]
[BlackFideId "24611344"]
[EventCountry "GER"]
[EventRounds "9"]
[EventType "swiss"]
[EventDate "2008.05.10"]

1. e4 c5 2. c3 Nf6 3. e5 Nd5 4. d4 cxd4 5. Nf3 Nc6 6. cxd4 d6 7. exd6 Qxd6 8.
Nc3 Bg4 9. Be2 e6 10. O-O Be7 11. Nb5 Qd8 12. Ne5 Bxe2 13. Qxe2 O-O 14. Rd1 a6
15. Nxc6 bxc6 16. Nc3 Qb6 17. Qc4 Rfd8 18. Na4 Qb5 19. b3 Rab8 20. Be3 Qxc4 21.
bxc4 Nxe3 22. fxe3 Rb4 23. Nc5 Bxc5 24. dxc5 Rxd1+ 25. Rxd1 Kf8 26. Rd6 Rxc4
27. Rxc6 a5 28. Rc7 Ke8 29. c6 Rc1+ 30. Kf2 Rc2+ 31. Kf3 Rxa2 32. Ra7 Rc2 33.
Rxa5 Rxc6 34. Ra7 Rd6 35. Ra4 Ke7 36. Rh4 h6 37. Rg4 Kf6 38. Rf4+ Ke7 39. Rg4
g5 40. Ra4 Kf6 41. Rb4 h5 42. Ra4 Kg6 43. Rb4 f5 44. h3 Rd3 45. g3 Rd2 46. g4
fxg4+ 47. hxg4 h4 48. Rb8 Rd1 49. Kf2 Kf6 50. Rb5 Rd2+ 51. Kf3 h3 52. Rb8 h2
53. Rh8 Ke5 54. Rh7 Ra2 55. Rh8 Kd5 56. Rh3 e5 57. Rh8 e4+ 58. Kg3 Re2 59. Rh5
Kc4 60. Rh8 Kd3 61. Ra8 Kxe3 62. Ra3+ Kd4 63. Ra8 e3 64. Rd8+ Kc3 65. Rd1 Kc2
66. Rh1 Rd2 67. Kf3 Kd3 68. Re1 e2 0-1

[Event "DEM U18w 2008"]
[Site "Willingen GER"]
[Date "2008.05.13"]
[Round "5"]
[White "Ohme, Melanie"]
[Black "Jussupow, Ekaterina"]
[Result "1-0"]
[Termination "normal"]
[Board "2"]
[WhiteTitle "FM"]
[WhiteElo "2248"]
[BlackElo "2046"]
[PlyCount "91"]
[WhiteFideId "4690745"]
[BlackFideId "24625400"]
[EventCountry "GER"]
[EventRounds "9"]
[EventType "swiss"]
[EventDate "2008.05.10"]

1. e4 e5 2. Bc4 Nf6 3. d3 Bc5 4. Nf3 Nc6 5. O-O d6 6. c3 Be6 7. Bb5 a6 8. Ba4
b5 9. Bc2 Ba7 10. Bg5 h6 11. Bh4 g5 12. Bg3 h5 13. h4 g4 14. Ng5 Nh7 15. Nxh7
Rxh7 16. Nd2 Qd7 17. d4 exd4 18. e5 Rh8 19. exd6 O-O-O 20. dxc7 Rdf8 21. Ne4 f5
22. Nd6+ Kxc7 23. Nxf5+ Kb7 24. Nd6+ Ka8 25. cxd4 Bd5 26. a4 Rh6 27. axb5 Rxd6
28. Bxd6 Qxd6 29. bxc6 Qxc6 30. Qd3 Bxg2 31. Rfd1 Bh3 32. Qe4 Qb7 33. Rxa6 Kb8
34. Qxb7+ Kxb7 35. Rh6 Rf4 36. Rh7+ Kb8 37. Re1 g3 38. Re8+ Bc8 39. Rxc8+ Kxc8
40. Rxa7 gxf2+ 41. Kf1 Rxd4 42. Ra4 Rd2 43. Rc4+ Kb7 44. Be4+ Kb6 45. Rc2 Rd4
46. Re2 1-0

[Event "DEM U18w 2008"]
[Site "Willingen GER"]
[Date "2008.05.13"]
[Round "5"]
[White "Zikeli, Saskia"]
[Black "Lorenz, Nicole"]
[Result "1-0"]
[Termination "normal"]
[Board "3"]
[WhiteElo "2053"]
[BlackElo "1824"]
[PlyCount "75"]
[WhiteFideId "24601543"]
[BlackFideId "24623709"]
[EventCountry "GER"]
[EventRounds "9"]
[EventType "swiss"]
[EventDate "2008.05.10"]

1. c4 Nf6 2. Nc3 e6 3. e4 d6 4. g3 Be7 5. Bg2 O-O 6. Nge2 Nbd7 7. O-O Nb6 8. d3
d5 9. cxd5 exd5 10. e5 Ne8 11. d4 c6 12. Kh1 a5 13. f4 g6 14. h3 Ng7 15. g4 Bh4
16. Qd3 a4 17. Nd1 Nc4 18. Ne3 Nxe3 19. Bxe3 b6 20. Rac1 Bd7 21. f5 Bg5 22.
Bxg5 Qxg5 23. f6 Ne6 24. Rcd1 Rfc8 25. Qg3 Qh6 26. h4 Kh8 27. g5 Qf8 28. h5
gxh5 29. Qh4 Qg8 30. Bh3 Rd8 31. Rg1 Qg6 32. Bxe6 Bxe6 33. Nf4 Qe4+ 34. Kh2 Bg4
35. Rdf1 Qxd4 36. Rxg4 hxg4 37. g6 fxg6 38. Nxg6+ 1-0

[Event "DEM U18w 2008"]
[Site "Willingen GER"]
[Date "2008.05.13"]
[Round "5"]
[White "Remy, Janina"]
[Black "Breitwieser, Jasmin"]
[Result "1-0"]
[Termination "normal"]
[Board "4"]
[WhiteElo "1963"]
[BlackElo "1506"]
[PlyCount "73"]
[WhiteFideId "24627348"]
[BlackFideId "24601705"]
[EventCountry "GER"]
[EventRounds "9"]
[EventType "swiss"]
[EventDate "2008.05.10"]

1. e4 c5 2. Nc3 d6 3. g3 g6 4. Bg2 Bg7 5. d3 Nc6 6. Be3 Nf6 7. h3 O-O 8. f4 Rb8
9. Nf3 b5 10. Qd2 b4 11. Nd1 Bb7 12. O-O a5 13. f5 c4 14. Bh6 Ba6 15. Bxg7 Kxg7
16. Nf2 Qb6 17. Rfe1 cxd3 18. cxd3 Ne5 19. d4 Nc4 20. Qc1 Rfc8 21. Qb1 Rc7 22.
e5 dxe5 23. dxe5 Nd5 24. e6 Nce3 25. exf7 Nxg2 26. Re6 Qa7 27. Kxg2 Ne3+ 28.
Kg1 Nxf5 29. Qe4 Qc5 30. Rxa6 Nd6 31. Qe5+ Qxe5 32. Nxe5 Nxf7 33. Nxf7 Kxf7 34.
Rxa5 Rc2 35. Rf1 Kg8 36. Nd3 Rd8 37. Rf2 1-0

[Event "DEM U18w 2008"]
[Site "Willingen GER"]
[Date "2008.05.13"]
[Round "5"]
[White "Mucha, Annegret"]
[Black "Farokhpey, Sarah"]
[Result "1-0"]
[Termination "normal"]
[Board "5"]
[WhiteTitle "CM"]
[WhiteElo "1945"]
[BlackElo "1483"]
[PlyCount "57"]
[WhiteFideId "24622788"]
[EventCountry "GER"]
[EventRounds "9"]
[EventType "swiss"]
[EventDate "2008.05.10"]

1. e4 e6 2. Nc3 d5 3. f4 dxe4 4. Nxe4 Bd7 5. Nf3 Bc6 6. Nf2 Nd7 7. d4 Ngf6 8.
Bd3 Be7 9. c3 Bxf3 10. Qxf3 c6 11. O-O Qc7 12. Bc2 c5 13. dxc5 Bxc5 14. Kh1
Bxf2 15. Rxf2 O-O 16. Be3 b6 17. Qh3 Qc6 18. Rd2 Nc5 19. Bd4 Nce4 20. Re2 Rac8
21. Rae1 Qc4 22. Bxe4 Nxe4 23. Rxe4 Qxa2 24. R4e2 Qd5 25. Qg3 g6 26. Bf6 Qf5
27. Qh4 Qh5 28. Qxh5 gxh5 29. Re5 1-0

[Event "DEM U18w 2008"]
[Site "Willingen GER"]
[Date "2008.05.13"]
[Round "5"]
[White "van Orsouw, Svenja"]
[Black "Vollak, Marleen"]
[Result "1-0"]
[Termination "normal"]
[Board "6"]
[WhiteElo "1645"]
[BlackElo "1858"]
[PlyCount "79"]
[WhiteFideId "24677124"]
[BlackFideId "24624233"]
[EventCountry "GER"]
[EventRounds "9"]
[EventType "swiss"]
[EventDate "2008.05.10"]

1. e4 c5 2. c4 d6 3. Ne2 Nf6 4. Nbc3 e6 5. d4 cxd4 6. Nxd4 Be7 7. Be2 Nbd7 8.
Be3 a6 9. O-O O-O 10. Qd2 Qc7 11. Rac1 b6 12. Rfd1 Bb7 13. f3 Rad8 14. a3 Qb8
15. b4 Rfe8 16. Bf1 Ba8 17. Qf2 Bf8 18. Nb3 Rc8 19. Na4 Rc6 20. b5 axb5 21.
cxb5 Rxc1 22. Nxc1 Nc5 23. Nxc5 dxc5 24. a4 Bd6 25. g3 Nd7 26. Qd2 Bxg3 27.
hxg3 Qxg3+ 28. Qg2 Qc7 29. Qh2 Qa7 30. Qd6 Nf6 31. Rd2 h6 32. Rg2 Kh7 33. Bd3
g6 34. Qf4 Ng8 35. e5 Bd5 36. Qg4 Rf8 37. Bxg6+ Kh8 38. Bxh6 Nxh6 39. Qh5 fxg6
40. Qxh6+ 1-0

[Event "DEM U18w 2008"]
[Site "Willingen GER"]
[Date "2008.05.13"]
[Round "5"]
[White "Erben, Larissa"]
[Black "Mader, Manuela"]
[Result "0-1"]
[Termination "normal"]
[Board "7"]
[BlackTitle "FM"]
[WhiteElo "1942"]
[BlackElo "2161"]
[PlyCount "98"]
[WhiteFideId "24634590"]
[BlackFideId "24612928"]
[EventCountry "GER"]
[EventRounds "9"]
[EventType "swiss"]
[EventDate "2008.05.10"]

1. e4 c6 2. d4 d5 3. Nc3 dxe4 4. Nxe4 Bf5 5. Ng3 Bg6 6. h4 h6 7. Nf3 Nd7 8. h5
Bh7 9. Bd3 Bxd3 10. Qxd3 e6 11. Bd2 Ngf6 12. O-O-O Bd6 13. Qe2 Qe7 14. Rde1
O-O-O 15. Nf5 Qf8 16. Nxd6+ Qxd6 17. Ne5 Rhf8 18. c3 Qd5 19. Nc4 Nb6 20. Nxb6+
axb6 21. Qe5 Qxe5 22. dxe5 Nd7 23. f4 Nc5 24. Kc2 Rg8 25. Rh3 g6 26. Re2 Nd7
27. Be1 b5 28. b3 Nb6 29. g3 Nd5 30. Rd2 g5 31. fxg5 Rxg5 32. Re2 Rdg8 33. Rhh2
Rh8 34. Rh3 Ne7 35. Bd2 Rg4 36. Rf2 Nf5 37. Rf3 Kd7 38. Bf4 Ke7 39. Kd3 Rd8+
40. Kc2 c5 41. Rd3 Rd5 42. Rh2 Rxd3 43. Kxd3 f6 44. exf6+ Kxf6 45. Ke4 e5 46.
Kf3 Rg7 47. Bd2 Rxg3+ 48. Ke2 e4 49. Rf2 e3 0-1

[Event "DEM U18w 2008"]
[Site "Willingen GER"]
[Date "2008.05.13"]
[Round "5"]
[White "Günnigmann, Laura"]
[Black "Jehle, Anja"]
[Result "0-1"]
[Termination "normal"]
[Board "8"]
[WhiteElo "1833"]
[BlackElo "1968"]
[PlyCount "72"]
[BlackFideId "24631434"]
[EventCountry "GER"]
[EventRounds "9"]
[EventType "swiss"]
[EventDate "2008.05.10"]

1. e4 c5 2. Nf3 d6 3. d4 cxd4 4. Nxd4 Nf6 5. Nc3 a6 6. Be3 e5 7. Nf3 Be6 8. Ng5
b5 9. Nxe6 fxe6 10. f3 d5 11. Bg5 Bb4 12. a3 Bxc3+ 13. bxc3 O-O 14. Be2 Nbd7
15. Qd3 Rc8 16. O-O Nc5 17. Qe3 Qd6 18. Rfd1 Na4 19. Rd3 Rc5 20. f4 exf4 21.
Bxf4 Qc6 22. Be5 Nxe4 23. Bd4 Rc4 24. Bg4 Qd6 25. Qh3 e5 26. Be3 Rf6 27. Rad1
Naxc3 28. Re1 d4 29. Bf5 g6 30. Bg4 Nc5 31. Rd2 N3e4 32. Rdd1 Rxc2 33. Bf3 Nc3
34. Rd2 Rxd2 35. Bxd2 Ne6 36. Qg3 Nf4 0-1

[Event "DEM U18w 2008"]
[Site "Willingen GER"]
[Date "2008.05.13"]
[Round "5"]
[White "Franzenburg, Maria"]
[Black "Zemella, Jennifer"]
[Result "1/2-1/2"]
[Termination "normal"]
[Board "9"]
[WhiteElo "1826"]
[BlackElo "2000"]
[PlyCount "71"]
[WhiteFideId "24667102"]
[BlackFideId "24636096"]
[EventCountry "GER"]
[EventRounds "9"]
[EventType "swiss"]
[EventDate "2008.05.10"]

1. e4 e5 2. Nf3 d6 3. d4 exd4 4. Nxd4 Nf6 5. Nc3 Be7 6. g3 d5 7. e5 Ng4 8. Bg2
c6 9. e6 Nf6 10. exf7+ Kxf7 11. O-O Re8 12. f4 Bg4 13. Nf3 Kg8 14. h3 Bc8 15.
Kh2 Nbd7 16. b3 Nc5 17. Bb2 Nce4 18. Ne2 c5 19. g4 Be6 20. Kg1 Rb8 21. Ne5 Rf8
22. Qe1 Nd7 23. f5 Bf7 24. Nxf7 Rxf7 25. Bxe4 dxe4 26. Nc3 Bf6 27. Qxe4 Bd4+
28. Kg2 Qg5 29. Qf4 Qxf4 30. Rxf4 Re8 31. Rb1 Rfe7 32. Rbf1 Re3 33. R4f3 R3e5
34. Rf4 Re3 35. R4f3 R3e5 36. Rf4 1/2-1/2

[Event "DEM U18w 2008"]
[Site "Willingen GER"]
[Date "2008.05.13"]
[Round "5"]
[White "Strößner, Lena"]
[Black "Voss, Janine"]
[Result "1-0"]
[Termination "normal"]
[Board "10"]
[WhiteElo "1895"]
[BlackElo "1869"]
[PlyCount "161"]
[WhiteFideId "4623525"]
[BlackFideId "24677329"]
[EventCountry "GER"]
[EventRounds "9"]
[EventType "swiss"]
[EventDate "2008.05.10"]

1. Nf3 c5 2. c4 g6 3. Nc3 Bg7 4. e3 Nf6 5. d4 cxd4 6. exd4 O-O 7. Be2 d5 8. Bf4
Nc6 9. a3 Bf5 10. O-O Rc8 11. c5 Ne4 12. Rc1 Re8 13. Bb5 Bg4 14. Be2 Bxf3 15.
Bxf3 Nxd4 16. Bxe4 dxe4 17. Nxe4 Ne6 18. Qf3 Nxf4 19. Qxf4 Bxb2 20. Ng5 Bf6 21.
Ne4 Bg7 22. Ng5 Rf8 23. Qb4 Rc7 24. Ne4 Qc8 25. Rb1 Rd8 26. Rfd1 Rcd7 27. Re1
Qc6 28. Qb3 Bd4 29. Rbc1 Bg7 30. Rb1 Rd4 31. Ng5 Qd5 32. Qxd5 R4xd5 33. Nf3
R8d7 34. Rb5 Rc7 35. Kf1 Bf6 36. Reb1 Rdxc5 37. Rxc5 Rxc5 38. Rxb7 Rc1+ 39. Ke2
Rc2+ 40. Kf1 a5 41. Ra7 Rc5 42. Nd2 Bb2 43. a4 Rh5 44. Rxe7 Rxh2 45. Ra7 Bc3
46. Ne4 Bb4 47. Kg1 Rh4 48. Ng5 Rf4 49. g3 Rf6 50. Ne4 Re6 51. Ng5 Re7 52. Rxe7
Bxe7 53. Nf3 Kg7 54. Nd4 Bd8 55. Kg2 Kf6 56. Kf3 Bb6 57. Ke4 Ke7 58. Nc6+ Kd6
59. Ne5 Ke6 60. f4 f5+ 61. Kf3 Kd5 62. Nd7 Bd4 63. Nf8 Kc4 64. Ke2 Kb4 65. Nxh7
Kxa4 66. Kd3 Kb3 67. Kxd4 a4 68. Ke5 a3 69. Kf6 a2 70. Ng5 a1=Q+ 71. Kxg6 Qa5
72. Nf7 Qe1 73. Kxf5 Qxg3 74. Ke5 Kc3 75. Nd6 Kd3 76. Nf5 Qh2 77. Ne7 Ke3 78.
Nd5+ Kf3 79. Kf5 Qg3 80. Ke5 Qg5+ 81. fxg5 1-0

[Event "DEM U18w 2008"]
[Site "Willingen GER"]
[Date "2008.05.13"]
[Round "5"]
[White "Herbold, Nora Marina"]
[Black "Billing, Tanja"]
[Result "0-1"]
[Termination "normal"]
[Board "11"]
[WhiteElo "1674"]
[BlackElo "1816"]
[PlyCount "108"]
[WhiteFideId "4624548"]
[BlackFideId "24647993"]
[EventCountry "GER"]
[EventRounds "9"]
[EventType "swiss"]
[EventDate "2008.05.10"]

1. e4 c5 2. Nf3 e6 3. d4 cxd4 4. Nxd4 Bc5 5. Nb3 Bb6 6. Be2 Qh4 7. O-O Qxe4 8.
Nc3 Qh4 9. Nb5 Qe7 10. Bf4 Nf6 11. Nd6+ Kd8 12. a4 Nc6 13. a5 Bc7 14. Nc5 e5
15. a6 bxa6 16. Ncb7+ Bxb7 17. Nxb7+ Kc8 18. Bxa6 exf4 19. c4 Rb8 20. Qb3 Nb4
21. Nd6+ Kd8 22. Nb7+ Ke8 23. Rfe1 Be5 24. Rxe5 Qxe5 25. Qxb4 Ne4 26. Re1 Qd4
27. Nd6+ Ke7 28. Nf5+ Kf6 29. Nxd4 Rxb4 30. Rxe4 Rxb2 31. Re1 Re8 32. Kf1 Rxe1+
33. Kxe1 Ke5 34. Nf3+ Kd6 35. Ng5 f6 36. Ne4+ Kc7 37. Bb5 d6 38. Nc3 f3 39.
gxf3 Rc2 40. Ne4 Rc1+ 41. Kd2 Rh1 42. Ke3 Rxh2 43. Kf4 Rg2 44. Be8 a5 45. Ke3
f5 46. Ng3 g6 47. f4 Kb6 48. Nf1 Kc5 49. Nd2 h5 50. Bf7 a4 51. Bd5 Rg1 52. Kd3
Kb4 53. Nf3 a3 54. Nd4 Rd1+ 0-1

[Event "DEM U18w 2008"]
[Site "Willingen GER"]
[Date "2008.05.13"]
[Round "5"]
[White "Benzen, Marthe"]
[Black "Nekrassova, Ekatherina"]
[Result "1/2-1/2"]
[Termination "normal"]
[Board "12"]
[WhiteElo "1829"]
[BlackElo "1784"]
[PlyCount "60"]
[WhiteFideId "24647764"]
[BlackFideId "24636266"]
[EventCountry "GER"]
[EventRounds "9"]
[EventType "swiss"]
[EventDate "2008.05.10"]

1. e4 c6 2. d4 d5 3. e5 Bf5 4. h4 h6 5. g4 Bg6 6. h5 Be4 7. f3 Bh7 8. e6 fxe6
9. Bd3 Nf6 10. Bxh7 Nxh7 11. Qd3 Kd7 12. f4 Na6 13. Nf3 Qe8 14. Ne5+ Kc7 15.
Bd2 Rc8 16. a4 Nf6 17. Ba5+ Kb8 18. Nd2 Nd7 19. Ndf3 c5 20. Nxd7+ Qxd7 21. Ne5
Qe8 22. Bc3 cxd4 23. Qxd4 Rg8 24. Ng6 Ka8 25. Rh2 Rc4 26. Qe5 Re4+ 27. Re2 Rxe5
28. Bxe5 Nc5 29. b3 Ne4 30. Rd1 Qc8 1/2-1/2

[Event "DEM U18w 2008"]
[Site "Willingen GER"]
[Date "2008.05.13"]
[Round "5"]
[White "Karmann, Anna"]
[Black "Weiß, Katharina"]
[Result "1-0"]
[Termination "normal"]
[Board "13"]
[WhiteElo "1891"]
[BlackElo "1653"]
[PlyCount "97"]
[WhiteFideId "24648000"]
[BlackFideId "24692859"]
[EventCountry "GER"]
[EventRounds "9"]
[EventType "swiss"]
[EventDate "2008.05.10"]

1. c4 c5 2. Nf3 e6 3. e3 d5 4. cxd5 exd5 5. d4 Nc6 6. Nc3 Nf6 7. Be2 Ne4 8. O-O
Bg4 9. Qb3 Nxc3 10. bxc3 Qd7 11. Ba3 c4 12. Qb2 Bxa3 13. Qxa3 Qe7 14. Qxe7+
Kxe7 15. Rab1 Rab8 16. Rb5 Kd6 17. h3 Bf5 18. Bxc4 Ne7 19. Be2 Rhc8 20. Rc1 a6
21. Rb3 f6 22. Nd2 Rc6 23. c4 b6 24. c5+ Kc7 25. Bxa6 bxc5 26. Bb5 Rcb6 27.
Rxc5+ Kd6 28. a4 Bd7 29. Bxd7 Kxd7 30. Rbb5 Rxb5 31. axb5 Rb6 32. Nb1 Kd6 33.
Nc3 Rb8 34. g4 Rc8 35. Rxc8 Nxc8 36. Kg2 Nb6 37. f4 g6 38. h4 h6 39. g5 hxg5
40. fxg5 fxg5 41. hxg5 Ke6 42. Kg3 Kf5 43. Kh4 Ke6 44. Kg4 Kd6 45. Kf4 Ke6 46.
e4 dxe4 47. Kxe4 Kd6 48. Ne2 Ke6 49. Nf4+ 1-0

[Event "DEM U18w 2008"]
[Site "Willingen GER"]
[Date "2008.05.13"]
[Round "5"]
[White "Stein, Simone"]
[Black "Pahlau, Janine"]
[Result "1-0"]
[Termination "normal"]
[Board "14"]
[WhiteElo "1416"]
[BlackElo "1187"]
[PlyCount "47"]
[WhiteFideId "24692875"]
[EventCountry "GER"]
[EventRounds "9"]
[EventType "swiss"]
[EventDate "2008.05.10"]

1. e4 e5 2. Nf3 Nc6 3. Bc4 Nf6 4. Nc3 Bb4 5. d3 Bxc3+ 6. bxc3 d6 7. Rb1 a6 8.
h3 d5 9. exd5 Nxd5 10. Bd2 O-O 11. O-O Be6 12. Ng5 Na5 13. Nxe6 fxe6 14. Qg4
Rf6 15. Bg5 Nxc3 16. Bxf6 Qxf6 17. Qxe6+ Qxe6 18. Bxe6+ Kf8 19. Rbe1 Nc6 20.
Bb3 Ke7 21. Re3 Kd6 22. f4 Re8 23. fxe5+ Nxe5 24. d4 1-0